书目信息 |
| 题名: |
地理
|
|
| 作者: | ;福建省普通教育教学研究室 编 | |
| 分册: | ||
| 出版信息: | 福州 福建教育出版社 1985 |
|
| 页数: | 317页 | |
| 开本: | 19cm | |
| 丛书名: | 高中毕业班总复习指导 | |
| 单 册: | ||
| 中图分类: | G633.55 | |
| 科图分类: | ||
| 主题词: | 地理--初中--教学参考资料 | |
| 电子资源: | ||
| ISBN: | 7159.1005 | |
| 000 | 00784oam2 2200265 450 | |
| 001 | 0185012618 | |
| 005 | 20100712221249.0 | |
| 010 | @a7159.1005@dCNY1.1 | |
| 091 | @a7159.1005@d¥1.47 | |
| 100 | @a19951025d1985 em y0chiy0110 ea | |
| 101 | 0 | @achi |
| 102 | @aCN@b350000 | |
| 105 | @ay z 000yy | |
| 106 | @ar | |
| 200 | 1 | @a地理@9Di;De Li @f福建省普通教育教学研究室编 |
| 205 | @a2版 | |
| 210 | @a福州@c福建教育出版社@c福建人民出版社@d1985 | |
| 215 | @a317页@d19cm | |
| 225 | 2 | @a高中毕业班总复习指导 |
| 461 | 0 | @12001 @a高中毕业班总复习指导 |
| 606 | 0 | @a地理@x初中@x教学参考资料 |
| 690 | @aG633.55@v3 | |
| 711 | 02 | @a福建省普通教育教学研究室@9fu jian sheng pu tong jiao yu jiao xue yan jiu shi@4编 |
| 801 | 0 | @aCN@b91MARC@c20130904 |
| 905 | @aBZT@dG63@e74@f1@sG63/74 | |
| 地理/福建省普通教育教学研究室编.-2版.-福州:福建教育出版社:福建人民出版社,1985 |
| 317页;19cm.-(高中毕业班总复习指导) |
| ISBN 7159.1005:CNY1.1 |
| ● |
| 相关链接 |
|
|
|
正题名:地理
索取号:G63/74
 
预约/预借
| 序号 | 登录号 | 条形码 | 馆藏地/架位号 | 状态 | 备注 |
| 1 | 2000100216 | 2000100216 | 旧书回溯/ [索取号:G63/74] | 在馆 |